| 000 | 00957nam a2200253Ia 4500 | ||
|---|---|---|---|
| 999 |
_c39063 _d39063 |
||
| 001 | 5606 | ||
| 003 | GE_BSU | ||
| 005 | 20190424114529.0 | ||
| 008 | 181216s1959||||ge |||||||||||||| ||geo|| | ||
| 040 | _cGE_BSU | ||
| 041 | _ageo | ||
| 080 | _a624.04(076.1) ბ-32 | ||
| 100 |
_aბაციკაძე, ვ. _9459 |
||
| 245 |
_aნაგებობათა თეორიის ამოცანათა კრებული. ნაწ.II / _cვ. ბაციკაძე ; რედ. ა.კაკუშაძე. |
||
| 260 | _aთბ. | ||
| 260 | _bსპი. | ||
| 260 | _c1959. | ||
| 300 |
_a360 გვ. : _b ნახაზ. ; _c22 სმ. |
||
| 504 | _aბიბლიოგრ. : გვ.357. | ||
| 653 | _aნაგებობათა თეორია | ||
| 653 | _aსამშენებლო ნაგებობები | ||
| 700 |
_a ა. კაკუშაძე _eრედაქტორი. _9460 |
||
| 942 |
_cBK _2udc |
||